000 00530nam a2200193Ia 4500
003 GCL
008 140319s9999 xx 000 0 ara d
040 _aGCL /
_cGCL
082 0 4 _a811.094
_bم ن
100 1 _aمحمد عفيفى مطر
245 1 0 _aالنهر يلبس الاقنعة /
_cمحمد عفيفى مطر
300 _a100 ص
490 _aكتاب
_v0
650 0 4 _aالشعر العربى
650 0 4 _aالادب العربى
650 0 4 _aالعصر الحديث
650 0 4 _aالادب
942 _2ddc
_cBK
999 _c41161
_d41161